000 00241pam a2200121 a 4500
020 _c
041 _h
100 _aGay and Junetha
245 _aCommon Butterflies of India Nature Guide
300 _a67
653 _aBirds
930 _a921
999 _c246774
_d246774